Mudra, bank baybasta aru antarjatik banijya (Record no. 1097)
[ view plain ]
| 000 -LEADER | |
|---|---|
| fixed length control field | 00592cam a2200205ua 4500 |
| 008 - FIXED-LENGTH DATA ELEMENTS--GENERAL INFORMATION | |
| fixed length control field | 110613n ii |||gr||||Z||||||asm |
| 040 ## - CATALOGING SOURCE | |
| Transcribing agency | MAIN |
| 082 ## - DEWEY DECIMAL CLASSIFICATION NUMBER | |
| Classification number | 332.4 |
| 245 10 - TITLE STATEMENT | |
| Title | Mudra, bank baybasta aru antarjatik banijya |
| Statement of responsibility, etc. | by Debdas Bharali |
| 250 ## - EDITION STATEMENT | |
| Edition statement | 1st ed. |
| 260 ## - PUBLICATION, DISTRIBUTION, ETC. | |
| Place of publication, distribution, etc. | Dibrugarh: |
| Name of publisher, distributor, etc. | Students emporium,995. |
| 300 ## - PHYSICAL DESCRIPTION | |
| Extent | xx, 564p.: |
| Dimensions | 25cm. |
| 700 1# - ADDED ENTRY--PERSONAL NAME | |
| Personal name | Bharali, Debdas, |
| Relator term | |
| 700 1# - ADDED ENTRY--PERSONAL NAME | |
| Personal name | Baruah, Hem, |
| Relator term | |
| 942 ## - ADDED ENTRY ELEMENTS (KOHA) | |
| Koha item type | Books |
| 653 ## - INDEX TERM--UNCONTROLLED | |
| Uncontrolled term | Economics |
| 653 ## - INDEX TERM--UNCONTROLLED | |
| Uncontrolled term | mudra, bank baybasta aru antarjatik banijya |
| 653 ## - INDEX TERM--UNCONTROLLED | |
| Uncontrolled term | Money, banking and international trade |
| Withdrawn status | Lost status | Damaged status | Not for loan | Home library | Current library | Shelving location | Date acquired | Total Checkouts | Full call number | Barcode | Date last seen | Copy number | Price effective from | Koha item type |
|---|---|---|---|---|---|---|---|---|---|---|---|---|---|---|
| Naharkatiya College Library | Naharkatiya College Library | 19/09/2020 | 332.4 | BHA | 2663 | 19/09/2020 | 1 | 19/09/2020 | Books |
